000 00193nam a22000857a 4500
999 _c262881
_d262880
100 _a Minarik, Else Holmelund,
245 _aLittle Bear
260 _a New York
_b Scholastic
_c1957
942 _cBK